| 000 -LEADER |
| fixed length control field |
02966cam a22004458i 4500 |
| 001 - CONTROL NUMBER |
| control field |
21214547 |
| 005 - DATE AND TIME OF LATEST TRANSACTION |
| control field |
20221011094613.0 |
| 008 - FIXED-LENGTH DATA ELEMENTS--GENERAL INFORMATION |
| fixed length control field |
190923s2020 enk b 001 0 eng |
| 010 ## - LIBRARY OF CONGRESS CONTROL NUMBER |
| LC control number |
2019021123 |
| 020 ## - INTERNATIONAL STANDARD BOOK NUMBER |
| International Standard Book Number |
9781138317451 |
| Qualifying information |
(hbk) |
| 020 ## - INTERNATIONAL STANDARD BOOK NUMBER |
| Canceled/invalid ISBN |
9780429455193 |
| Qualifying information |
(ebk) |
| 020 ## - INTERNATIONAL STANDARD BOOK NUMBER |
| Canceled/invalid ISBN |
9780429847981 |
| Qualifying information |
(Mobi) |
| 020 ## - INTERNATIONAL STANDARD BOOK NUMBER |
| Canceled/invalid ISBN |
9780429847998 |
| Qualifying information |
(epub) |
| 020 ## - INTERNATIONAL STANDARD BOOK NUMBER |
| Canceled/invalid ISBN |
9780429848001 |
| Qualifying information |
(PDF) |
| 040 ## - CATALOGING SOURCE |
| Original cataloging agency |
DLC |
| Language of cataloging |
eng |
| Description conventions |
rda |
| Transcribing agency |
DLC |
| 042 ## - AUTHENTICATION CODE |
| Authentication code |
pcc |
| 043 ## - GEOGRAPHIC AREA CODE |
| Geographic area code |
a-cc--- |
| -- |
e------ |
| 050 00 - LIBRARY OF CONGRESS CALL NUMBER |
| Classification number |
HF1604.Z4 |
| Item number |
E853 2020 |
| 082 00 - DEWEY DECIMAL CLASSIFICATION NUMBER |
| Classification number |
382.30951 |
| Author Mark |
CHI |
| 245 00 - TITLE STATEMENT |
| Title |
How China's Silk Road initiative is changing the global economic landscape / |
| Statement of responsibility, etc. |
edited by Yuan Li and Markus Taube. |
| 263 ## - PROJECTED PUBLICATION DATE |
| Projected publication date |
1909 |
| 264 #1 - PRODUCTION, PUBLICATION, DISTRIBUTION, MANUFACTURE, AND COPYRIGHT NOTICE |
| Place of production, publication, distribution, manufacture |
Abingdon, Oxon ; |
| -- |
London : |
| Name of producer, publisher, distributor, manufacturer |
Routledge, |
| Date of production, publication, distribution, manufacture, or copyright notice |
2020. |
| 300 ## - PHYSICAL DESCRIPTION |
| Extent |
290 p. ; |
| Dimensions |
24 cm. |
| 336 ## - CONTENT TYPE |
| Content type term |
text |
| Content type code |
txt |
| Source |
rdacontent |
| 337 ## - MEDIA TYPE |
| Media type term |
unmediated |
| Media type code |
n |
| Source |
rdamedia |
| 338 ## - CARRIER TYPE |
| Carrier type term |
volume |
| Carrier type code |
nc |
| Source |
rdacarrier |
| 504 ## - BIBLIOGRAPHY, ETC. NOTE |
| Bibliography, etc. note |
Includes bibliographical references and index. |
| 520 ## - SUMMARY, ETC. |
| Summary, etc. |
"China's New Silk Road initiative constitutes one of the most ambitious projects in recent decades designed to change the pattern of the global economic division of labour as well as the geostrategic balance of power. It has the potential to create a new fabric of industrial value creation that links China and East Asia via Central and South Asia with Europe, and to forge new regional and multilateral institutions that complement or compete with existing regional and global governance systems. First proposed in 2013, the new initiative is only now starting to be rolled-out, with trade relations gradually intensifying, and the first investment projects and infrastructure clusters becoming manifest. However, the full impact of the evolving new regional value chains on global goods flows, investment activity, supra-national institution building, as well as their wider international implications, remains undetermined. This book brings together leading scholars from economics, political science and area studies, who present the latest cutting-edge knowledge and the latest state-of-the-art economic and political analysis on how the new initiative is developing and likely to develop"-- |
| Assigning source |
Provided by publisher. |
| 650 #0 - SUBJECT ADDED ENTRY--TOPICAL TERM |
| Topical term or geographic name entry element |
International division of labor. |
| 9 (RLIN) |
99755 |
| 650 #0 - SUBJECT ADDED ENTRY--TOPICAL TERM |
| Topical term or geographic name entry element |
International economic relations. |
| 9 (RLIN) |
539 |
| 650 #0 - SUBJECT ADDED ENTRY--TOPICAL TERM |
| Topical term or geographic name entry element |
Balance of power. |
| 651 #0 - SUBJECT ADDED ENTRY--GEOGRAPHIC NAME |
| Geographic name |
China |
| General subdivision |
Foreign economic relations |
| Geographic subdivision |
European Union countries. |
| 9 (RLIN) |
99756 |
| 651 #0 - SUBJECT ADDED ENTRY--GEOGRAPHIC NAME |
| Geographic name |
European Union countries |
| General subdivision |
Foreign economic relations |
| Geographic subdivision |
China. |
| 9 (RLIN) |
99757 |
| 700 1# - ADDED ENTRY--PERSONAL NAME |
| Personal name |
Li, Yuan |
| Titles and other words associated with a name |
(Business teacher) |
| Relator term |
editor. |
| 9 (RLIN) |
99758 |
| 700 1# - ADDED ENTRY--PERSONAL NAME |
| Personal name |
Taube, Markus, |
| Dates associated with a name |
1965- |
| Relator term |
editor. |
| 9 (RLIN) |
99759 |
| 776 08 - ADDITIONAL PHYSICAL FORM ENTRY |
| Relationship information |
Online version: |
| Main entry heading |
Li, Yuan, |
| Title |
How China's silk road initiative is changing the global economic landscape |
| Edition |
1. |
| Place, publisher, and date of publication |
New York : 2019. |
| International Standard Book Number |
9780429455193 |
| Record control number |
(DLC) 2019980703 |
| 906 ## - LOCAL DATA ELEMENT F, LDF (RLIN) |
| a |
7 |
| b |
cbc |
| c |
orignew |
| d |
1 |
| e |
ecip |
| f |
20 |
| g |
y-gencatlg |
| 942 ## - ADDED ENTRY ELEMENTS (KOHA) |
| Source of classification or shelving scheme |
|
| Koha item type |
Book |